000 00774cab a2200241 4500
001 ABS59210
008 090401t1998 xxu||||| |||| 00| 0 eng d
035 _a(Sirsi) u88115
041 _aeng
100 _aJohnston, B.
245 _aIs it fair to charge for inquiries?
260 _c1998
350 _a0
490 _aPlanning (for the Natural and Built Environment)
_v(1281) 14 August 1998, 8(1)
520 _aConsiders the effects of appellents being charged for taking their case to a publi inquiry as suggested by a DETR consultation paper.
650 _aCHARGING
650 _aCONSULTATION PAPER
650 _aHOUSING AND PLANNING ACT 1986 S42
650 _aPUBLIC INQUIRIES
690 _aPLANNING LAW AND PRACTICE
942 _n0
948 _c25/08/1998
999 _c55656
_d55656